| 000 | 00441nam a2200157Ia 4500 | ||
|---|---|---|---|
| 008 | 230917s9999||||xx |||||||||||||| ||und|| | ||
| 020 | _cRS 1495.00 | ||
| 040 |
_e5001470 _aMAIN |
||
| 041 | _aEnglish | ||
| 082 | _a417.0954 O2B | ||
| 100 | _aOjha, Gaurishankar Heerachand | ||
| 245 | 0 | _aBharatiya prachin lipimala | |
| 260 |
_aNew Delhi _bShivalik Prakashan _c2022 |
||
| 500 | _a5054 30/01/2023 RK23/2993 11/02/2023 Main Budget | ||
| 942 | _cBK | ||
| 999 |
_c8743 _d8743 |
||